Countries of Europe in 1938/39 (With Map!) - Statistics

General Stats
  • This quiz has been taken 13,165 times
    13,159 since last reset
  • The average score is 34 of 35
Answers on the Map
Answers color-coded by a green-red scale on the quiz's map according to % correct below.
 
Answer Stats
Country % Correct
France
99%
Italy
99%
Nazi Germany
99%
Norway
99%
Sweden
99%
United Kingdom
99%
Belgium
98%
Denmark
98%
Finland
98%
Greece
98%
Ireland
98%
Netherlands
98%
Poland
98%
Portugal
98%
Soviet Union
98%
Spanish State
98%
Estonia
97%
Greater Romania
97%
Iceland
97%
Latvia
97%
Luxembourg
97%
Switzerland
97%
Turkey
97%
Vatican City
97%
Albania
96%
Andorra
96%
Bulgaria
96%
Hungary
96%
Lithuania
96%
Monaco
96%
San Marino
96%
Liechtenstein
95%
Yugoslavia
95%
Czechoslovakia
93%
Gdansk
70%
No matching quizzes found
Score Distribution
Percent of People with Each Score
Percentile by Number Answered
Your Score History
You have not taken this quiz since the last reset